| 000 | 00396nam a2200121Ia 4500 | ||
|---|---|---|---|
| 008 | 220204s9999 xx 000 0 und d | ||
| 082 |
_a581.48:581.5(06) _bHEY |
||
| 245 | 0 | _aSeed ecology: Proceedings of the nineteenth easter school in agricultural science, University of Nottingham, 1972 | |
| 260 |
_aLondon _bButterworths _c1973 |
||
| 650 | _aSeed ecology | ||
| 700 | _aHEYDECKER, W | ||
| 942 | _cBK | ||
| 999 |
_c31671 _d31671 |
||